000 00932nam a22002777a 4500
001 BR8206168
003 BR-BrBNA
005 20230928091455.0
007 ta
008 230509b bl.||||| |||| 00| 0 por d
040 _aBR-BrBNA
_bpor
_cBiblioteca Nacional de Agricultura
041 _a(Por)
072 _aE15; C00
_b/G514
090 _ E15 BR8206168
100 1 _aBrandao, I. de S.P.
100 1 _aTrevisan, A.
110 1 _aEmpresa de Assistencia Tecnica e Extensao Rural de Santa Catarina, Florianopolis (Brasil);
_93993
110 1 _aAssociacao de Credito e Assistencia Rural do Estado de Santa Catarina, Florianopolis (Brasil)
_9468
245 1 _aCredito rural educativo: analise do programa de 1981 [Santa Catarina, Brasil]
260 3 _aFlorianopolis, SC (Brasil):
_c1982.
300 _a70 p.
650 _aCREDITO EDUCATIVO
650 _aSANTA CATARINA
909 _a202309
_bLucia
_c55
_dLucia Elande
942 _cBK
999 _c34018
_d34018